Caricamento...

Twentieth century literary criticism

Dettagli Bibliografici
Autore principale: Bijaykumar Das; Author
Natura: Printed Book
Pubblicazione: New Delhi, Atlantic publishers and distributors 1998
Edizione:Ed.3 Rev.
Soggetti:
LEADER 006230000a22002050004500
020 |a 817156-526-3 
082 |a 809.04 N8 
100 |a Bijaykumar Das; Author 
245 |a Twentieth century literary criticism 
250 |a Ed.3 Rev. 
260 |a New Delhi, Atlantic publishers and distributors 
260 |c 1998 
460 |a 188 
465 |a R.350 
500 |a Bijay Kumar Das 
650 |a Criticism 
650 |a Feminist literary criticism 
942 |c BK 
999 |c 29657  |d 29657 
952 |0 0  |1 4  |4 0  |6 809_040000000000000_N8  |7 0  |8 ENG  |9 29543  |a MGUL  |b MGUL  |c MI  |d 2013-07-16  |e R.350  |l 0  |o 809.04 N8  |p 30527  |r 2013-07-16  |w 2013-07-16  |y BK